| Tag |
First Indicator |
Second Indicator |
Subfields |
| LEADER |
00000cam a2200000 i 4500 |
| 001 |
in00003780921 |
| 005 |
20170927140414.0 |
| 008 |
160506t20162016gw a b 001 1 ger c |
| 020 |
|
|
|a 9783630900032
|q (set :
|q paperback)
|
| 020 |
|
|
|a 3630900038
|q (set :
|q paperback)
|
| 020 |
|
|
|a 9783630874814
|q (v. 1 :
|q paperback)
|
| 020 |
|
|
|a 3630874819
|q (v. 1 :
|q paperback)
|
| 020 |
|
|
|a 9783630874821
|q (v. 2 :
|q paperback)
|
| 020 |
|
|
|a 3630874827
|q (v. 2 :
|q paperback)
|
| 020 |
|
|
|a 9783630874838
|q (v. 3 :
|q paperback)
|
| 020 |
|
|
|a 3630874835
|q (v. 3 :
|q paperback)
|
| 020 |
|
|
|a 9783630874845
|q (v. 4 :
|q paperback)
|
| 020 |
|
|
|a 3630874843
|q (v. 4 :
|q paperback)
|
| 020 |
|
|
|a 9783630874852
|q (v. 5 :
|q paperback)
|
| 020 |
|
|
|a 3630874851
|q (v. 5 :
|q paperback)
|
| 020 |
|
|
|a 9783630874869
|q (v. 6 :
|q paperback)
|
| 020 |
|
|
|a 363087486X
|q (v. 6 :
|q paperback)
|
| 020 |
|
|
|a 9783630875323
|q (Register :
|q paperback)
|
| 020 |
|
|
|a 3630875327
|q (Register :
|q paperback)
|
| 035 |
|
|
|a (OCoLC)ocn948810877
|
| 035 |
|
|
|a (OCoLC)948810877
|
| 040 |
|
|
|a INU
|b eng
|e rda
|c INU
|d OSU
|d ORU
|d TXA
|d UtOrBLW
|
| 042 |
|
|
|a pcc
|
| 049 |
|
|
|a TXAM
|
| 050 |
|
4 |
|a PT2670
|b .A483 2016
|
| 100 |
1 |
|
|a Jandl, Ernst,
|d 1925-2000,
|e author.
|0 http://id.loc.gov/authorities/names/no2016062260
|
| 240 |
1 |
0 |
|a Works.
|f 2016
|
| 245 |
1 |
0 |
|a Werke in sechs Bänden /
|c Ernst Jandl ; herausgegeben von Klaus Siblewski.
|
| 246 |
3 |
|
|a Werke in 6 Bänden
|
| 264 |
|
1 |
|a München :
|b Luchterhand,
|c 2016.
|
| 264 |
|
4 |
|c ©2016
|
| 300 |
|
|
|a 7 volumes :
|b illustrations ;
|c 19 cm
|
| 336 |
|
|
|a text
|b txt
|2 rdacontent
|
| 337 |
|
|
|a unmediated
|b n
|2 rdamedia
|
| 338 |
|
|
|a volume
|b nc
|2 rdacarrier
|
| 504 |
|
|
|a Includes bibliographical references and index.
|
| 505 |
0 |
0 |
|g Bd. 1.
|t Andere Augen --
|t Laut und Luise --
|t Sprechblasen --
|t Verstreute Gedichte 1952-1965 --
|t Aus Ordnern und Mappen 1 --
|g Bd. 2.
|t Der künstliche Baum --
|t Flöda und der Schwan --
|t Dingfest --
|t Übung mit Buben --
|t Deutsches Gedicht --
|t Serienfuss --
|t Wischen möchten --
|t Der versteckte Hirte --
|t Verstreute Gedichte 1966-1971 --
|t Aus Ordnern und Mappen 2 --
|g Bd. 3.
|t Die Bearbeitung der Mütze --
|t Der gelbe Hund --
|t Selbstporträt des Schachspielers --
|t Als trinkende Uhr --
|t Verstreute Gedichte 1972-1982 --
|t Aus Ordnern und Mappen 3 --
|g Bd. 4.
|t Verstreute Gedichte 1983-1991 --
|t Idyllen --
|t Stanzen --
|t Peter und die Kuh --
|t Letzte Gedichte --
|t Aus Ordnern und Mappen 4 --
|g Bd. 5.
|t Hörspiele --
|t Theaterstücke --
|t Texte zu den Hörspielen und Theaterstücken --
|t Prosa --
|t Aus Ordnern und Mappen 5 --
|g Bd. 6.
|t Statements --
|t Reden und Vorträge --
|t Das Öffnen und Schliessen des Mundes --
|t Autobiographische Texte --
|g . [Bd. 7.]
|t Register.
|
| 700 |
1 |
|
|a Siblewski, Klaus,
|e editor.
|0 http://id.loc.gov/authorities/names/n81099187
|
| 994 |
|
|
|a C0
|b TXA
|
| 948 |
|
|
|a cataloged
|b h
|c 2016/6/22
|d c
|e jlanham
|f 2:15:35 pm
|
| 999 |
f |
f |
|s 69a4c314-ac34-3987-bb21-7fc28dabe9d2
|i f2c6150e-8b55-3d68-8ea8-4b032baec03e
|t 0
|
| 952 |
f |
f |
|p normal
|a Texas A&M University
|b College Station
|c Sterling C. Evans Library
|d Evans: Library Stacks
|t 0
|e PT2670 .A483 2016
|h Library of Congress classification
|i unmediated -- volume
|k Bd.6
|m A14843571564
|
| 952 |
f |
f |
|p normal
|a Texas A&M University
|b College Station
|c Sterling C. Evans Library
|d Evans: Library Stacks
|t 0
|e PT2670 .A483 2016
|h Library of Congress classification
|i unmediated -- volume
|k Bd.1
|m A14843571515
|
| 952 |
f |
f |
|p normal
|a Texas A&M University
|b College Station
|c Sterling C. Evans Library
|d Evans: Library Stacks
|t 0
|e PT2670 .A483 2016
|h Library of Congress classification
|i unmediated -- volume
|k Bd.3
|m A14843571531
|
| 952 |
f |
f |
|p normal
|a Texas A&M University
|b College Station
|c Sterling C. Evans Library
|d Evans: Library Stacks
|t 0
|e PT2670 .A483 2016
|h Library of Congress classification
|i unmediated -- volume
|k Bd.4
|m A14843571549
|
| 952 |
f |
f |
|p normal
|a Texas A&M University
|b College Station
|c Sterling C. Evans Library
|d Evans: Library Stacks
|t 0
|e PT2670 .A483 2016
|h Library of Congress classification
|i unmediated -- volume
|k Bd.2
|m A14843571523
|
| 952 |
f |
f |
|p normal
|a Texas A&M University
|b College Station
|c Sterling C. Evans Library
|d Evans: Library Stacks
|t 0
|e PT2670 .A483 2016
|h Library of Congress classification
|i unmediated -- volume
|k Bd.7
|m A14843571572
|
| 952 |
f |
f |
|p normal
|a Texas A&M University
|b College Station
|c Sterling C. Evans Library
|d Evans: Library Stacks
|t 0
|e PT2670 .A483 2016
|h Library of Congress classification
|i unmediated -- volume
|k Bd.5
|m A14843571556
|
| 998 |
f |
f |
|a PT2670 .A483 2016
|s Bd.1-7
|t 0
|l Evans: Library Stacks
|